1993-1998 : El mundo fue y será.

Guardado en:
Formato: Deslizar
Series:Enciclopedia visual Clarín
Materias:
OLP
Etiquetas: Agregar Etiqueta
Sin Etiquetas, Sea el primero en etiquetar este registro!
LEADER 01109ngm a22003255g 4500
001 CEM.cems022684
008 130507b2004##################0###0#####d
005 20241113191049.0
245 0 0 |a 1993-1998 :  |b El mundo fue y será. 
300 |a 48'. 
490 0 |a Enciclopedia visual Clarín 
500 |a En soporte VHS, consultar en ventanilla. 
538 |a Soporte: VHS - Norma: Pal N - Color: Si - Grabación DRD 2004 - Hitachi=3720 
505 0 |a Israelíes y Palestinos. La OLP. Clonación de embriones humanos. Reelección de Menem. Asesinato de Rabin. La corrupción en Argentina. Los casos María Soledad, Carrasco, Cabezas. El Papa en Cuba. 
082 9 4 |/ CLA-5 
653 |a HISTORIA 
653 |a HISTORIA ARGENTINA 
653 |a CLARIN 
653 |a SIGLO XX 
653 |a ISRAELIES 
653 |a PALESTINOS 
653 |a OLP 
653 |a CLONACION 
653 |a MENEM 
653 |a CORRUPCION 
653 |a RABIN-ASESINATO 
653 |a PAPA-CUBA 
653 |a NIVEL PRIMARIO 
653 |a NIVEL SECUNDARIO 
859 |a CEMS  |b BIB. CEMS - Depto. Recursos Didacticos  |h 940  |i CLA-5  |k DRD  |p 1327.12  |t Ej.1